000 00672nam a22001577a 4500
003 macl
005 20191217133720.0
008 191217b xxu||||| |||| 00| 0 eng d
040 _cmacl
082 _a200
100 _aडॉ वासुदेवशरण अ्ग्रवाल
_939790
245 _aउरू ज्‍योति वैदिक अध्‍यात्‍म सुधा
_b(वेद सम्‍बन्‍धी आध्‍यात्मिक निबन्‍धों का संग्रह )
260 _aदिल्‍ली
_bप्रभात प्रकाशन
_c2018
650 _aधर्म
_977566
942 _2ddc
_cHIN
999 _c61591
_d61591